Расчет и выбор электрооборудования низковольтных распределительных сетей промышленных предприятий (Запись № 11011358)

Подробности
000 -МАРКЕР
контрольное поле 02578nam0a2200349 4500
001 - ИДЕНТИФИКАТОР ЗАПИСИ
контрольное поле RU\NLR\BIBL_A\011925757
005 - ИДЕНТИФИКАТОР ВЕРСИИ
контрольное поле 20230220161149.0
010 ## - МЕЖДУНАРОДНЫЙ СТАНДАРТНЫЙ НОМЕР КНИГИ (ISBN)
Номер (ISBN) 978-5-7996-2479-8
Тираж 50
021 ## - НОМЕР ГОСУДАРСТВЕННОЙ РЕГИСТРАЦИИ
Код страны Российская Федерация
Номер КН-П-18-099518
Номер Листа государственной регистраци КН-П-18-7224
035 ## - ДРУГИЕ СИСТЕМНЫЕ НОМЕРА
Идентификатор записи (NLR Aleph) 011925757
035 ## - ДРУГИЕ СИСТЕМНЫЕ НОМЕРА
Идентификатор записи (RuMoRGB)009854826
100 ## - ДАННЫЕ ОБЩЕЙ ОБРАБОТКИ
Данные общей обработки 20190201d2018 u y0rusy50 ca
101 0# - ЯЗЫК РЕСУРСА
Язык текста, звукозаписи и т.д. русский
102 ## - СТРАНА ПУБЛИКАЦИИ ИЛИ ПРОИЗВОДСТВА
Страна публикации Российская Федерация
105 ## - ПОЛЕ КОДИРОВАННЫХ ДАННЫХ: ТЕКСТОВЫЕ МАТЕРИАЛЫ, МОНОГРАФИЧЕСКИЕ
Кодированные данные о монографическом текстовом документе a|||j|||000zy
200 1# - ЗАГЛАВИЕ И СВЕДЕНИЯ ОБ ОТВЕТСТВЕННОСТИ
Основное заглавие Расчет и выбор электрооборудования низковольтных распределительных сетей промышленных предприятий
Сведения, относящиеся к заглавию учебное пособие
-- для студентов вуза, обучающихся по направлению подготовки 13.03.02 - Электроэнергетика и электротехника
Первые сведения об ответственности В.Э. Фризен, С.Л. Назаров
Последующие сведения об ответственности Министерство науки и высшего образования Российской Федерации, Уральский федеральный университет имени первого Президента России Б.Н. Ельцина, [Уральский энергетический институт]
210 ## - ПУБЛИКАЦИЯ, РАСПРОСТРАНЕНИЕ И ДР.
Место издания, распространения и т.д. Екатеринбург
Имя издателя, распространителя и т. д. Изд-во Уральского университета
Дата издания, распространения и т.д. 2018
215 ## - ФИЗИЧЕСКАЯ ХАРАКТЕРИСТИКА
Специфическое обозначение материала и объем 179 с.
Другие сведения о физической характеристике ил., табл., цв. ил.
Размеры 24
300 ## - ОБЩИЕ ПРИМЕЧАНИЯ
Текст примечания На 4-й с обл. авт.: Фризен В.Э., д.т.н., доц., Назаров С.Л., к.т.н., доц.
320 ## - ПРИМЕЧАНИЯ О НАЛИЧИИ В ДОКУМЕНТЕ БИБЛИОГРАФИИ / УКАЗАТЕЛЯ
Текст примечания Библиогр.: с. 139-140 (19 назв.) и в тексте
606 1# - НАИМЕНОВАНИЕ ТЕМЫ КАК ПРЕДМЕТ
Наименование темы Промышленные предприятия
Формальный подзаголовок Учебные издания для высших учебных заведений
Тематический подзаголовок Электрооборудование
-- Проектирование
Системный номер авторитетной/нормативной записи 2431052
Идентификатор авторитетной/нормативной записи RU\NLR\AUTH\661446994
606 1# - НАИМЕНОВАНИЕ ТЕМЫ КАК ПРЕДМЕТ
Наименование темы Промышленные предприятия
Формальный подзаголовок Учебные издания для высших учебных заведений
Тематический подзаголовок Электрические сети внутрицеховые
-- Проектирование
Системный номер авторитетной/нормативной записи 2524269
Идентификатор авторитетной/нормативной записи RU\NLR\AUTH\6601709862
686 1# - ИНДЕКСЫ ДРУГИХ КЛАССИФИКАЦИЙ
Индекс З29-5-02я73-1
686 1# - ИНДЕКСЫ ДРУГИХ КЛАССИФИКАЦИЙ
Индекс З279.27-02я73-1
700 #1 - ИМЯ ЛИЦА - ПЕРВИЧНАЯ ОТВЕТСТВЕННОСТЬ
Начальный элемент ввода Фризен
Часть имени, кроме начального элемента ввода В. Э.
Расширение инициалов личного имени Василий Эдуардович
701 #1 - ИМЯ ЛИЦА - АЛЬТЕРНАТИВНАЯ ОТВЕТСТВЕННОСТЬ
Начальный элемент ввода Назаров
Часть имени, кроме начального элемента ввода С. Л.
Дополнения к именам, кроме дат канд. техн. наук
Расширение инициалов личного имени Сергей Леонардович
Системный номер авторитетной/нормативной записи 242043
Идентификатор авторитетной/нормативной записи RU\NLR\AUTH\770242099
942 ## - ДОПОЛНИТЕЛЬНЫЕ ЭЛЕМЕНТЫ ЗАПИСИ (АБИС)
Тип экземпляра АБИС Книга
980 ## - КОЛЛЕКЦИЯ
Название коллекции НБР
980 ## - КОЛЛЕКЦИЯ
Название коллекции Национальная библиография

Нет доступных экземпляров.